000 00282nam a22001337a 4500
008 180829b xxu||||| |||| 00| 0 eng d
020 _a078170202
041 _aeng
080 _a61
100 _a6
101 _aANE
245 _aANESTHETIC TOXICITY
_cRICE,S,A
942 _2udc
_cBK
999 _c47405
_d47405